Urban energy handbook : good local practice

Αποθηκεύτηκε σε:
Λεπτομέρειες βιβλιογραφικής εγγραφής
Συγγραφή απο Οργανισμό/Αρχή: Organisation for Economic Co-operation and Development
Μορφή: Βιβλίο
Γλώσσα:English
Δημοσίευση: Paris : Organisation for Economic Co-operation and Development, c1995
Θέματα:
Ετικέτες: Προσθήκη ετικέτας
Δεν υπάρχουν, Καταχωρήστε ετικέτα πρώτοι!

MARC

LEADER 00000nam a2200000 i 4500
001 1/5059
008 960514s1995 i eng d
020 |a 92-64-14335-1 
035 |l 10015873 
040 |a GR-MY-UA  |b gre  |e aacr 
041 0 |a eng 
082 0 |a 333.79 
110 2 |a Organisation for Economic Co-operation and Development. 
245 1 0 |a Urban energy handbook :  |b good local practice /  |c Organisation for Economic Co-operation and Development 
260 |a Paris :   |b Organisation for Economic Co-operation and Development,   |c c1995 
300 |a 230 p.;  |c 23 cm 
500 |a Published in French under the title: L'energie dans la ville: manuel de bonne gestion locale 
500 |a "The handbook, the final product of a three-year inquiry based on various case studies and expert papers, was prepared by a Project Group established under the auspices of the OECD Group on Urban Affairs^--P. 3 
504 |a Includes bibliographical references 
650 0 0 |a Cities and towns  |x Energy consumption. 
650 0 0 |a Energy policy. 
650 0 0 |a Urban policy. 
852 |a INST  |b LESVOS  |e 19960514  |h 333.79 URB  |p 005100011028  |q 005100011028  |t BK  |y 0 
909 |a Λ  |b 039618